000 00842nam a22002537a 4500
999 _c24040
_d24040
001 1595688
003 OSt
005 20210118101225.0
008 170302b xxu||||| |||| 00| 0 eng d
010 _a 94007894
020 _a0397551320 (alk paper)
040 _aMMU
_cMMU
_dMMU
_beng
050 0 0 _aRT89
_b.F54 1995
082 0 0 _a362.1/73/068
_220
100 1 _aFlarey, Dominick L.
245 1 0 _aRedesigning nursing care delivery :
_btransforming our future /
_cDominick L. Flarey
260 _aPhiladelphia :
_bJ.B. Lippincott,
_cc1995.
300 _axxiii, 278 p. :
_bill. ;
_c24 cm.
504 _aIncludes bibliographical references and index.
650 0 _aNursing services
_xAdministration
_xCase studies.
650 0 _aOrganizational change
_xCase studies.
650 0 _aNursing services
_xAdministration.
942 _2lcc
_cLOAN LOAN